Terapia del juego : con muñecos en el abuso sexual: estrategias de intervención /
Guardado en:
| Autor Principal: | |
|---|---|
| Formato: | Libro |
| Idioma: | Undetermined |
| Publicado: |
Ituzaingó :
Maipue,
2019.
|
| Series: | Niñez y Adolescencia
|
| Materias: | |
| Etiquetas: |
Agregar Etiqueta
Sin Etiquetas, Sea el primero en etiquetar este registro!
|
| LEADER | 01501nam a22001935a 4500 | ||
|---|---|---|---|
| 001 | CEM.cems018764 | ||
| 008 | 210715s2019####xx############000#0#und#d | ||
| 005 | 20210716102401.0 | ||
| 003 | CEMS | ||
| 245 | 1 | 0 | |a Terapia del juego : |b con muñecos en el abuso sexual: estrategias de intervención / |c María Cecilia López. |
| 260 | |a Ituzaingó : |b Maipue, |c 2019. | ||
| 300 | |a 288 p. | ||
| 490 | 1 | |a Niñez y Adolescencia | |
| 505 | 0 | |a Fundamentos teóricos -- El abuso sexual en la infancia -- Intervenciones en la psicoterapia del juego, innovaciones metodológicas -- Metas de la terapia del juego con niños víctimas de abusos -- Simbolismo de los muñecos -- Innovaciones metodológicas en la terapia del juego con muñecos -- Indicadores de abuso en los muñecos -- Indicadores de abuso en los juegos -- Etapas de la terapia del juego con víctimas de abuso -- El terapeuta del juego -- Testimonio fotográfico de la terapia del juego -- Indicadores físicos de abuso en el juego con muñecos -- Indicadores psicológicos de abuso en el juego con muñecos -- Indicadores emocionales de abuso en el juego con muñecos -- Indicadores acerca de las víctimas de abuso en el juego con muñecos -- Indicadores acerca de los agresores sexuales en el juego con muñecos -- Objetivos en la terapia del juego con niños abusados | |
| 020 | |a 9789874490971 | ||
| 100 | 1 | |a López, María Cecilia. | |
| 650 | 7 | |a Abuso sexual infantil | |
| 650 | 7 | |a Terapia del juego | |
| 859 | |a CEMS |b BIB. CEMS - 11 de abril |h 616.85 |i L881 |p 2901.21 | ||
